Law and norms: Empirical evidence (Record no. 523686)

000 -LEADER
fixed length control field 01139nam a22001457a 4500
008 - FIXED-LENGTH DATA ELEMENTS--GENERAL INFORMATION
fixed length control field 230921b ||||| |||| 00| 0 eng d
100 ## - MAIN ENTRY--PERSONAL NAME
Personal name Lane, T., Nosenzo, D. and Sonderegger, S.
245 ## - TITLE STATEMENT
Title Law and norms: Empirical evidence
260 ## - PUBLICATION, DISTRIBUTION, ETC. (IMPRINT)
Place of publication, distribution, etc The American Economic Review
300 ## - PHYSICAL DESCRIPTION
Extent 113(5), May, 2023: p.1255-1293
520 ## - SUMMARY, ETC.
Summary, etc A large theoretical literature argues laws exert a causal effect on norms, but empirical evidence remains scant. Using a novel identification strategy, we provide a compelling empirical test of this proposition. We use incentivized vignette experiments to directly measure social norms relating to actions subject to legal thresholds. Our large-scale experiments (n = 7,000) run in the United Kingdom, United States, and China show that laws can causally influence social norms. Results are robust across different samples and methods of measuring norms, and are consistent with a model of social image concerns where individuals care about the inferences others make about their underlying prosociality.- Reproduced
773 ## - HOST ITEM ENTRY
Main entry heading The American Economic Review
906 ## - LOCAL DATA ELEMENT F, LDF (RLIN)
Subject DIP LAWS
942 ## - ADDED ENTRY ELEMENTS (KOHA)
Item type Articles
Holdings
Withdrawn status Lost status Source of classification or shelving scheme Damaged status Not for loan Permanent location Current location Date acquired Serial Enumeration / chronology Barcode Date last seen Koha item type
          Indian Institute of Public Administration Indian Institute of Public Administration 2023-09-21 113(5), May, 2023: p.1255-1293 AR129586 2023-09-21 Articles

Powered by Koha